| 000 | 00361nam a22001457a 4500 | ||
|---|---|---|---|
| 020 | _a81-262-0651-9 | ||
| 082 |
_a920 _bEMS/E |
||
| 100 | _aEMS | ||
| 245 |
_aEMS ATHMAKATHA _b1970 KERALA SAHITHYA CADEMY AWARD |
||
| 260 |
_aTHIRUVANANTHAPURAM _bDESHABHIMANI BOOK HOUSE _c2011 |
||
| 300 | _a304 | ||
| 520 | _aAUTOBIOGRAPHY | ||
| 650 | _aAUTOBIOGRAPHY | ||
| 942 | _cBK | ||
| 999 |
_c5388 _d5388 |
||